[Event "4NCL/Div1b/PAP vs. GUI1"]
[Site "Hinckley Island ENG"]
[Date "2009.03.21"]
[Round "7.2"]
[White "Rowson, Jonathan"]
[Black "Emms, John M"]
[Result "1-0"]
[WhiteElo "2585"]
[BlackElo "2488"]
[PlyCount "143"]
[EventDate "2009.03.21"]
[EventType "team"]
[EventRounds "11"]
[EventCountry "ENG"]
[SourceDate "2008.10.04"]

1. d4 Nf6 2. c4 e6 3. Nc3 Bb4 4. Qc2 O-O 5. a3 Bxc3+ 6. Qxc3 d6 7. Nf3 Nbd7 8.
Qc2 e5 9. g3 e4 10. Nd2 Qe7 11. Bg2 e3 12. fxe3 Qxe3 13. Nf3 Qe7 14. Nh4 Nb6
15. O-O Re8 16. Bg5 Qxe2 17. Qxe2 Rxe2 18. Bxf6 gxf6 19. b3 c6 20. Rxf6 Be6 21.
Rf2 Re3 22. Rf3 Re2 23. Bf1 Rd2 24. Bd3 d5 25. c5 Nd7 26. Re3 Nf6 27. Nf3 Rb2
28. Rb1 Ra2 29. Ng5 Ng4 30. Re2 Rxe2 31. Bxe2 Nf6 32. Bd3 h6 33. Nf3 Nd7 34. b4
a6 35. Kf2 Kf8 36. Ke3 Ke7 37. Nh4 Nf6 38. Kf4 Nh5+ 39. Kf3 Ng7 40. Ke3 Re8 41.
Rf1 Bh3 42. Rf2 Be6 43. Kd2 Ra8 44. Kc3 a5 45. b5 cxb5 46. Bxb5 b6 47. cxb6 Rb8
48. Kb3 Ne8 49. Ka4 Rxb6 50. Kxa5 Rb8 51. a4 Nd6 52. Rf3 Bd7 53. Rb3 Ra8+ 54.
Kb4 Rb8 55. Ka5 Ra8+ 56. Kb6 Rb8+ 57. Ka7 Rb7+ 58. Ka6 Rb8 59. Ng2 Ra8+ 60. Kb6
Nxb5 61. axb5 Rb8+ 62. Kc7 Rxb5 63. Rxb5 Bxb5 64. Nf4 Kf6 65. Nxd5+ Kf5 66. Nc3
Bc4 67. d5 Bxd5 68. Nxd5 Kg4 69. Kd6 Kh3 70. Nf6 Kxh2 71. g4 Kg3 72. Ke7 1-0

[Event "4NCL/Div1b/PAP vs. GUI1"]
[Site "Hinckley Island ENG"]
[Date "2009.03.21"]
[Round "7.3"]
[White "Ward, Chris G"]
[Black "Pert, Nicholas"]
[Result "1/2-1/2"]
[WhiteElo "2426"]
[BlackElo "2536"]
[PlyCount "50"]
[EventDate "2009.03.21"]
[EventType "team"]
[EventRounds "11"]
[EventCountry "ENG"]
[SourceDate "2008.10.04"]

1. d4 d5 2. c4 c6 3. Nf3 Nf6 4. Nc3 dxc4 5. a4 Bf5 6. e3 e6 7. a5 Bd3 8. Bxd3
cxd3 9. Qb3 Na6 10. Qxb7 Qc8 11. Qxc8+ Rxc8 12. Kd2 Nb4 13. Ne5 c5 14. Nxd3
cxd4 15. exd4 Rd8 16. Nxb4 Bxb4 17. Ke2 Rxd4 18. Be3 Rd7 19. Rhd1 a6 20. Ra4
Rxd1 21. Kxd1 Bd6 22. Bf4 Ke7 23. Bxd6+ Kxd6 24. Rb4 Rc8 25. Kd2 Ke5 1/2-1/2

[Event "4NCL/Div1b/PAP vs. GUI1"]
[Site "Hinckley Island ENG"]
[Date "2009.03.21"]
[Round "7.4"]
[White "Pert, Richard G"]
[Black "Pokorna, Regina"]
[Result "1/2-1/2"]
[WhiteElo "2456"]
[BlackElo "2384"]
[PlyCount "60"]
[EventDate "2009.03.21"]
[EventType "team"]
[EventRounds "11"]
[EventCountry "ENG"]
[SourceDate "2008.10.04"]

1. d4 Nf6 2. Bg5 e6 3. e4 h6 4. Bxf6 Qxf6 5. c3 d6 6. Bd3 Nc6 7. Ne2 g6 8. O-O
Bg7 9. f4 Bd7 10. Nd2 Qe7 11. e5 O-O-O 12. Nc4 g5 13. exd6 cxd6 14. fxg5 Kb8
15. g6 f5 16. Qe1 Bc8 17. Qg3 h5 18. Rae1 h4 19. Qf2 d5 20. Nd2 Qf6 21. Nf3 Bh6
22. Kh1 Rdg8 23. Bb5 Ne7 24. Ne5 Nxg6 25. Nxg6 Rxg6 26. Nf4 Rg4 27. Nd3 Rhg8
28. Rg1 Re4 29. Nc5 Rxe1 30. Rxe1 Rg7 1/2-1/2

[Event "4NCL/Div1b/PAP vs. GUI1"]
[Site "Hinckley Island ENG"]
[Date "2009.03.21"]
[Round "7.5"]
[White "Allicock, Rawle A"]
[Black "Conquest, Stuart C"]
[Result "0-1"]
[WhiteElo "2300"]
[BlackElo "2531"]
[PlyCount "124"]
[EventDate "2009.03.21"]
[EventType "team"]
[EventRounds "11"]
[EventCountry "ENG"]
[SourceDate "2008.10.04"]

1. e4 c5 2. Nf3 e6 3. Nc3 a6 4. Be2 b5 5. d4 cxd4 6. Nxd4 Bb7 7. Bf3 d6 8. O-O
Nd7 9. a4 bxa4 10. Rxa4 Be7 11. e5 Bxf3 12. Nxf3 dxe5 13. Qe2 Qc8 14. Nxe5 Nxe5
15. Qxe5 Nf6 16. Bg5 O-O 17. Rfa1 Rd8 18. Qe2 Qb7 19. Bc1 Bb4 20. Bg5 Be7 21.
Bc1 h6 22. h3 Bb4 23. Bd2 a5 24. Be1 Rac8 25. Rd1 Rxd1 26. Qxd1 Nd7 27. Ra1 Ne5
28. Qd4 Nc4 29. Na4 Bxe1 30. Rxe1 Qb4 31. Re4 Qxa4 32. b3 Qa2 33. bxc4 Qxc2 34.
Qd7 Rxc4 35. Rxc4 Qxc4 36. Qd8+ Kh7 37. Qxa5 Qc1+ 38. Kh2 Qf4+ 39. Kg1 e5 40.
Qd5 f5 41. Qe6 Qe4 42. Kf1 Qb1+ 43. Ke2 Qc2+ 44. Ke3 f4+ 45. Kf3 Qd3+ 46. Kg4
Qg6+ 47. Qxg6+ Kxg6 48. Kf3 Kf5 49. Ke2 e4 50. Kd2 Ke5 51. Kc3 Kd5 52. h4 g6
53. Kc2 Kd4 54. Kd2 e3+ 55. Ke2 Ke4 56. Ke1 Kd3 57. fxe3 fxe3 58. Kd1 e2+ 59.
Ke1 h5 60. g3 Ke3 61. g4 hxg4 62. h5 g3 0-1

[Event "4NCL/Div1b/PAP vs. GUI1"]
[Site "Hinckley Island ENG"]
[Date "2009.03.21"]
[Round "7.6"]
[White "Hebden, Mark L"]
[Black "Kilpatrick, Callum"]
[Result "1/2-1/2"]
[WhiteElo "2522"]
[BlackElo "2211"]
[PlyCount "105"]
[EventDate "2009.03.21"]
[EventType "team"]
[EventRounds "11"]
[EventCountry "ENG"]
[SourceDate "2008.10.04"]

1. d4 Nf6 2. Nf3 g6 3. Nc3 d5 4. Bf4 Bg7 5. Qd2 O-O 6. Bh6 Nc6 7. Bxg7 Kxg7 8.
O-O-O Qd6 9. Nb5 Qd7 10. Qf4 Ne8 11. h4 Qf5 12. Qd2 a6 13. Nc3 h5 14. g3 Qd7
15. Ne5 Qd6 16. Qf4 f6 17. Nxc6 bxc6 18. f3 Rb8 19. Qxd6 cxd6 20. e3 f5 21. Na4
Nf6 22. b3 a5 23. Rh2 Bd7 24. c4 dxc4 25. Bxc4 c5 26. Nc3 Rfc8 27. d5 Rf8 28.
Re2 Rf7 29. a4 Re8 30. Bb5 Rc8 31. Bc4 Re8 32. Kc2 Rd8 33. Kb2 Rb8 34. Bb5 Rc8
35. Rc2 Re8 36. Bxd7 Nxd7 37. Nb5 Rb8 38. Na7 Ne5 39. f4 Rb7 40. Nb5 Ng4 41.
Re2 Nf6 42. Na3 Rf8 43. Nc4 Ra8 44. Kc2 Ne4 45. Rg2 Kf7 46. Rd3 Ke8 47. Nd2 Rb4
48. Nc4 Kf7 49. Rg1 Nf2 50. Rd2 Ne4 51. Rd3 Nf2 52. Rd2 Ne4 53. Rd3 1/2-1/2

[Event "4NCL/Div1b/PAP vs. GUI1"]
[Site "Hinckley Island ENG"]
[Date "2009.03.21"]
[Round "7.7"]
[White "Winkelmann, Elena"]
[Black "King, Daniel J"]
[Result "1-0"]
[WhiteElo "2101"]
[BlackElo "2512"]
[PlyCount "75"]
[EventDate "2009.03.21"]
[EventType "team"]
[EventRounds "11"]
[EventCountry "ENG"]
[SourceDate "2008.10.04"]

1. Nf3 b6 2. g3 Bb7 3. Bg2 Nf6 4. c4 e6 5. Nc3 c5 6. O-O Be7 7. e3 O-O 8. d4
Ne4 9. Qc2 Nxc3 10. Qxc3 Bf6 11. b3 Nc6 12. Bb2 cxd4 13. exd4 Rc8 14. Qd2 d5
15. Ba3 Re8 16. c5 a5 17. Rac1 b5 18. b4 Ra8 19. Rfd1 axb4 20. Bxb4 Nxb4 21.
Qxb4 Bc6 22. a3 Ra4 23. Qb2 Qd7 24. Rc3 Rea8 25. Bf1 g6 26. Rb3 R8a5 27. Rb1
Kg7 28. Bxb5 Bxb5 29. Rxb5 Rxa3 30. Rxa5 Rxa5 31. Qb6 Ra3 32. Kg2 Rc3 33. Qa6
Rc4 34. Rb7 Qe8 35. Qd6 h6 36. Ne5 Bxe5 37. Qxe5+ Kh7 38. Rb8 1-0

[Event "4NCL/Div1b/PAP vs. GUI1"]
[Site "Hinckley Island ENG"]
[Date "2009.03.21"]
[Round "7.8"]
[White "Lalic, Susan"]
[Black "Auckland, Elliott"]
[Result "1-0"]
[WhiteElo "2340"]
[BlackElo "2014"]
[PlyCount "51"]
[EventDate "2009.03.21"]
[EventType "team"]
[EventRounds "11"]
[EventCountry "ENG"]
[SourceDate "2008.10.04"]

1. e4 c5 2. Nc3 a6 3. g3 b5 4. Bg2 Bb7 5. d3 e6 6. f4 Nf6 7. Nf3 d5 8. e5 Nfd7
9. O-O Be7 10. Ne2 Nb6 11. d4 c4 12. c3 b4 13. g4 g6 14. Ng3 Bc8 15. Qc2 h5 16.
h3 Nc6 17. Be3 a5 18. gxh5 gxh5 19. Ng5 Bxg5 20. fxg5 h4 21. g6 hxg3 22. Rxf7
Ne7 23. Bg5 Ba6 24. Raf1 Nbc8 25. g7 Rg8 26. Qa4+ 1-0

[Event "4NCL/Div1b/WGHK2 vs. BAR2"]
[Site "Hinckley Island ENG"]
[Date "2009.03.21"]
[Round "7.1"]
[White "Sowray, Peter J"]
[Black "Berry, Neil"]
[Result "1-0"]
[WhiteElo "2303"]
[BlackElo "2317"]
[PlyCount "57"]
[EventDate "2009.03.21"]
[EventType "team"]
[EventRounds "11"]
[EventCountry "ENG"]
[SourceDate "2008.10.04"]

1. e4 e6 2. d4 d5 3. Nc3 Bb4 4. e5 c5 5. a3 Bxc3+ 6. bxc3 Qa5 7. Bd2 Qa4 8. Qg4
g6 9. Nf3 Nc6 10. Qf4 Qxc2 11. dxc5 Bd7 12. Be2 Qe4 13. Qg3 Nge7 14. Ng5 Qxe5
15. f4 Qf6 16. O-O Nf5 17. Qf2 h6 18. Nf3 O-O 19. Rab1 b6 20. cxb6 axb6 21.
Rxb6 Rfc8 22. Ne5 Be8 23. Bd3 Nxe5 24. fxe5 Qxe5 25. g4 Ne7 26. Rb7 Nc6 27.
Bxg6 Nd8 28. Re7 Kf8 29. Qh4 1-0

[Event "4NCL/Div1b/WGHK2 vs. BAR2"]
[Site "Hinckley Island ENG"]
[Date "2009.03.21"]
[Round "7.2"]
[White "Piper, Matthew S"]
[Black "Briscoe, Christopher"]
[Result "1/2-1/2"]
[WhiteElo "2287"]
[BlackElo "2268"]
[PlyCount "65"]
[EventDate "2009.03.21"]
[EventType "team"]
[EventRounds "11"]
[EventCountry "ENG"]
[SourceDate "2008.10.04"]

1. e4 e5 2. Nf3 Nc6 3. Bc4 Nf6 4. d3 Be7 5. O-O O-O 6. Re1 d6 7. c3 Na5 8. Bb5
a6 9. Ba4 b5 10. Bc2 c5 11. Nbd2 Re8 12. Nf1 Bf8 13. a4 Bb7 14. Ng3 g6 15. Bd2
Bg7 16. b4 cxb4 17. cxb4 Nc6 18. Bb3 d5 19. exd5 Nxd5 20. Ne4 Ncxb4 21. Nfg5
Re7 22. Qf3 bxa4 23. Rxa4 a5 24. Nc5 Bc6 25. Ra3 h6 26. Nge4 f5 27. Nc3 Qd6 28.
Nxd5 Nxd5 29. Rc1 Kh7 30. Ba4 e4 31. dxe4 Bxa4 32. Rxa4 Nb6 33. Bf4 1/2-1/2

[Event "4NCL/Div1b/WGHK2 vs. BAR2"]
[Site "Hinckley Island ENG"]
[Date "2009.03.21"]
[Round "7.3"]
[White "Farrand, Tom"]
[Black "Rogers, Jonathan W"]
[Result "0-1"]
[WhiteElo "2266"]
[BlackElo "2330"]
[PlyCount "86"]
[EventDate "2009.03.21"]
[EventType "team"]
[EventRounds "11"]
[EventCountry "ENG"]
[SourceDate "2008.10.04"]

1. e4 e5 2. Nf3 Nc6 3. d4 exd4 4. Bc4 Bc5 5. c3 d3 6. O-O d6 7. Qxd3 Nf6 8. Bg5
h6 9. Bh4 g5 10. Bg3 Nh5 11. e5 Nxg3 12. hxg3 g4 13. exd6 cxd6 14. Re1+ Kf8 15.
Nd4 Ne5 16. Qe2 Kg7 17. Nd2 Re8 18. Qf1 d5 19. Bd3 Qf6 20. Re3 Bd7 21. Rae1
Bxd4 22. cxd4 Nc6 23. Nb3 Nxd4 24. Nc5 Bc6 25. Bb1 Rxe3 26. Rxe3 Rc8 27. Qd1 h5
28. Qd3 Bb5 29. Qh7+ Kf8 30. Nxb7 Ne2+ 31. Kh2 d4 32. Rb3 Bc4 33. Rb4 d3 34.
Rxc4 Rxc4 35. Bxd3 Rc7 36. Bxe2 Rxb7 37. b3 Re7 38. Bc4 Re1 39. Qxh5 Qxf2 40.
Qh8+ Ke7 41. Qh4+ f6 42. Qh7+ Kd6 43. Qd3+ Kc7 0-1

[Event "4NCL/Div1b/WGHK2 vs. BAR2"]
[Site "Hinckley Island ENG"]
[Date "2009.03.21"]
[Round "7.4"]
[White "Dorrington, Christopher"]
[Black "Lindner, Daniel"]
[Result "1/2-1/2"]
[WhiteElo "2265"]
[BlackElo "2243"]
[PlyCount "103"]
[EventDate "2009.03.21"]
[EventType "team"]
[EventRounds "11"]
[EventCountry "ENG"]
[SourceDate "2008.10.04"]

1. e4 c5 2. Nc3 Nc6 3. Nge2 e6 4. g3 Nf6 5. Bg2 Be7 6. O-O O-O 7. d4 cxd4 8.
Nxd4 a6 9. h3 Qc7 10. Re1 d6 11. a4 Bd7 12. b3 Rac8 13. Nde2 Rfd8 14. Bf4 Ne8
15. Rc1 Bf6 16. Na2 b5 17. axb5 axb5 18. c4 bxc4 19. bxc4 Ra8 20. Nac3 Ne5 21.
Nb5 Qb8 22. Bxe5 dxe5 23. Qb3 Nc7 24. Nec3 Na6 25. Na4 Be7 26. Bf1 Nc5 27. Nxc5
Bxc5 28. Ra1 Qb6 29. Qc2 Rxa1 30. Rxa1 Bc6 31. Rb1 Ra8 32. Bg2 Qa5 33. h4 Rd8
34. Rd1 Rxd1+ 35. Qxd1 Bxb5 36. cxb5 Qxb5 37. Qd8+ Bf8 38. Qd2 h5 39. Bf3 Be7
40. Kg2 g6 41. Qe2 Qc5 42. Qd2 Kg7 43. Bd1 Qc4 44. Qe2 Qd4 45. Bc2 Bc5 46. Bd3
f5 47. Qf3 Kf6 48. Qe2 Qc3 49. Qf3 Qd4 50. Qe2 Qa1 51. Bc4 Qd4 52. Bd3 1/2-1/2

[Event "4NCL/Div1b/WGHK2 vs. BAR2"]
[Site "Hinckley Island ENG"]
[Date "2009.03.21"]
[Round "7.5"]
[White "McFarland, Robert S"]
[Black "Bigg, Andrew J"]
[Result "1/2-1/2"]
[WhiteElo "2218"]
[BlackElo "2285"]
[PlyCount "38"]
[EventDate "2009.03.21"]
[EventType "team"]
[EventRounds "11"]
[EventCountry "ENG"]
[SourceDate "2008.10.04"]

1. Nf3 d6 2. d4 Nf6 3. g3 g6 4. Bg2 Bg7 5. c4 O-O 6. Nc3 Nbd7 7. O-O e5 8. e4
exd4 9. Nxd4 Re8 10. h3 Nc5 11. Re1 a5 12. Bf4 Bd7 13. Qd2 Qc8 14. Kh2 a4 15.
Rad1 Ne6 16. Be3 h5 17. Nf3 Bc6 18. Nd4 Bd7 19. Nf3 Bc6 1/2-1/2

[Event "4NCL/Div1b/WGHK2 vs. BAR2"]
[Site "Hinckley Island ENG"]
[Date "2009.03.21"]
[Round "7.6"]
[White "Taylor, Peter"]
[Black "Fowler, Simon"]
[Result "0-1"]
[WhiteElo "2252"]
[BlackElo "2210"]
[PlyCount "60"]
[EventDate "2009.03.21"]
[EventType "team"]
[EventRounds "11"]
[EventCountry "ENG"]
[SourceDate "2008.10.04"]

1. d4 d5 2. Nf3 c6 3. c4 e6 4. Qc2 Bd6 5. Bg5 Ne7 6. e3 O-O 7. Nbd2 Nd7 8. Bd3
f5 9. g4 Nf6 10. gxf5 exf5 11. O-O-O Be6 12. Kb1 Qe8 13. Bh4 Ng6 14. Bg3 f4 15.
exf4 Nxf4 16. Ng5 Nxd3 17. Nxe6 Qxe6 18. Qxd3 Rae8 19. c5 Bb8 20. Bxb8 Rxb8 21.
Rde1 Qf7 22. Re2 Rbe8 23. Rhe1 Ng4 24. Rxe8 Rxe8 25. Rxe8+ Qxe8 26. Qg3 h5 27.
f3 Qe2 28. a3 Ne3 29. Nb3 Qc2+ 30. Ka2 Nd1 0-1

[Event "4NCL/Div1b/WGHK2 vs. BAR2"]
[Site "Hinckley Island ENG"]
[Date "2009.03.21"]
[Round "7.8"]
[White "Regan, Natasha"]
[Black "Hegarty, Sarah"]
[Result "0-1"]
[WhiteElo "2186"]
[BlackElo "2088"]
[PlyCount "80"]
[EventDate "2009.03.21"]
[EventType "team"]
[EventRounds "11"]
[EventCountry "ENG"]
[SourceDate "2008.10.04"]

1. Nf3 Nf6 2. g3 g6 3. Bg2 d5 4. c4 dxc4 5. Qa4+ c6 6. Qxc4 Be6 7. Qc2 Na6 8.
Ng5 Qd6 9. Nxe6 Qxe6 10. O-O Bg7 11. a3 O-O 12. Nc3 Nc5 13. b4 Nb3 14. Rb1 Nxc1
15. Rfxc1 Rac8 16. b5 cxb5 17. Bxb7 Rc7 18. Rxb5 Rd8 19. Rb2 Bh6 20. e3 Ng4 21.
Qe4 Qxe4 22. Bxe4 f5 23. Bb1 Ne5 24. Kg2 Kf8 25. d4 Nc4 26. Na2 Rdc8 27. Rbc2
Bxe3 28. Rd1 Bg5 29. Rc3 Bf6 30. Nb4 Nb6 31. Rcd3 Rd8 32. d5 Rd6 33. Na6 Rc8
34. Nb4 Na4 35. R1d2 Nc3 36. Bc2 a5 37. Nc6 Nxd5 38. Nxa5 Bc3 39. Nb7 Bxd2 40.
Nxd6 Rxc2 0-1

[Event "4NCL/Div1b/NWE1 vs. GADS"]
[Site "Hinckley Island ENG"]
[Date "2009.03.21"]
[Round "7.2"]
[White "Davies, Nigel R"]
[Black "Lyell, Mark"]
[Result "1-0"]
[WhiteElo "2483"]
[BlackElo "2287"]
[PlyCount "59"]
[EventDate "2009.03.21"]
[EventType "team"]
[EventRounds "11"]
[EventCountry "ENG"]
[SourceDate "2008.10.04"]

1. Nf3 Nc6 2. d4 d5 3. c3 Bg4 4. Qb3 Rb8 5. Bf4 e6 6. Nbd2 Bd6 7. e3 Nge7 8.
Bd3 Bf5 9. Be2 Ng6 10. Bg3 O-O 11. O-O h5 12. Bxd6 cxd6 13. Rfc1 h4 14. c4 Na5
15. Qa3 h3 16. cxd5 exd5 17. g3 b5 18. b3 Re8 19. Ne1 b4 20. Qb2 Qg5 21. a3
Rxe3 22. Nef3 Rxf3 23. Nxf3 Qe7 24. Re1 Be4 25. Nd2 Qf6 26. Bf1 Nf4 27. Nxe4
dxe4 28. Rxe4 Nd5 29. Rae1 bxa3 30. Qxa3 1-0

[Event "4NCL/Div1b/NWE1 vs. GADS"]
[Site "Hinckley Island ENG"]
[Date "2009.03.21"]
[Round "7.3"]
[White "Hague, Ben"]
[Black "Taulbut, Shaun M"]
[Result "1-0"]
[WhiteElo "2282"]
[BlackElo "2400"]
[PlyCount "65"]
[EventDate "2009.03.21"]
[EventType "team"]
[EventRounds "11"]
[EventCountry "ENG"]
[SourceDate "2008.10.04"]

1. d4 Nf6 2. Nf3 e6 3. Bf4 c5 4. e3 Nc6 5. c4 cxd4 6. exd4 Bb4+ 7. Nbd2 d5 8.
c5 Ne4 9. Bd3 O-O 10. O-O f5 11. Nb3 g5 12. Bxe4 fxe4 13. Bxg5 Qc7 14. Ne5 Nxe5
15. dxe5 Qxe5 16. Be7 Rf7 17. Bd6 Qxb2 18. a3 Bc3 19. Rb1 Qxa3 20. Nd4 Bxd4 21.
Qxd4 Qd3 22. Qe5 Rf5 23. Qa1 Qa6 24. Qd4 Qd3 25. Qa4 Kf7 26. Qa5 Qd4 27. Qc7+
Kg6 28. Rb3 Rg5 29. h4 Rg4 30. Be5 Qd2 31. Qg7+ Kh5 32. Qf7+ Rg6 33. Bf4 1-0

[Event "4NCL/Div1b/NWE1 vs. GADS"]
[Site "Hinckley Island ENG"]
[Date "2009.03.21"]
[Round "7.4"]
[White "Richardson, John R"]
[Black "Coates, Kenneth G"]
[Result "1-0"]
[WhiteElo "2312"]
[BlackElo "2234"]
[PlyCount "57"]
[EventDate "2009.03.21"]
[EventType "team"]
[EventRounds "11"]
[EventCountry "ENG"]
[SourceDate "2008.10.04"]

1. d4 d5 2. Nf3 Nf6 3. c4 c6 4. Nc3 dxc4 5. a4 Bf5 6. e3 e6 7. Bxc4 Bb4 8. O-O
Nbd7 9. Qe2 Bg6 10. e4 O-O 11. Bd3 Qc7 12. e5 Nd5 13. Bd2 Be7 14. Nxd5 cxd5 15.
Rfc1 Qb8 16. a5 Rc8 17. Bxg6 hxg6 18. Qb5 Nf8 19. Rxc8 Qxc8 20. Rc1 Qb8 21. g3
b6 22. a6 Qd8 23. Qc6 Rb8 24. Qc7 Nd7 25. Qxa7 Rc8 26. Qb7 Rb8 27. Qc7 Kf8 28.
a7 Ra8 29. Qb7 1-0

[Event "4NCL/Div1b/NWE1 vs. GADS"]
[Site "Hinckley Island ENG"]
[Date "2009.03.21"]
[Round "7.5"]
[White "Hulmes, David I"]
[Black "Snape, Ian"]
[Result "1-0"]
[WhiteElo "2219"]
[BlackElo "2210"]
[PlyCount "137"]
[EventDate "2009.03.21"]
[EventType "team"]
[EventRounds "11"]
[EventCountry "ENG"]
[SourceDate "2008.10.04"]

1. e4 c5 2. Nf3 d6 3. d4 cxd4 4. Nxd4 Nf6 5. Nc3 g6 6. Be3 Bg7 7. f3 O-O 8. Qd2
Nc6 9. O-O-O d5 10. Qe1 e5 11. Nxc6 bxc6 12. exd5 Nxd5 13. Bc4 Be6 14. Ne4 Qb8
15. Bc5 Rd8 16. Qh4 h6 17. g4 Nf4 18. Rxd8+ Qxd8 19. Qxd8+ Rxd8 20. Bxe6 Nxe6
21. Bxa7 Ra8 22. Be3 Rxa2 23. Kb1 Ra5 24. c3 Kf8 25. b4 Ra8 26. Rd1 Ke7 27. Kb2
Rd8 28. Rxd8 Kxd8 29. Kb3 Kc7 30. Nc5 Nxc5+ 31. Bxc5 f5 32. gxf5 gxf5 33. c4 h5
34. Kc2 Bh6 35. Kd3 Bf4 36. h3 Bg3 37. Ke2 Kd7 38. Kd3 Be1 39. b5 cxb5 40. cxb5
Bg3 41. Kc4 Ke6 42. b6 e4 43. fxe4 fxe4 44. Be3 Be5 45. Kc5 h4 46. Kc6 Bg3 47.
b7 Bb8 48. Bf2 Kf5 49. Bxh4 e3 50. Be1 Kf4 51. Kd7 Kf3 52. Kc8 Bf4 53. b8=Q
Bxb8 54. Kxb8 Ke2 55. Ba5 Kf3 56. h4 Kg4 57. Be1 Kf5 58. Kc7 Ke4 59. Kd6 Kf5
60. Kd5 Kf4 61. Kd4 Kf5 62. Kxe3 Ke5 63. Kf3 Kf5 64. Bd2 Kf6 65. Kg4 Kg6 66.
Bg5 Kf7 67. Kf5 Kg7 68. Bf4 Kh7 69. Kf6 1-0

[Event "4NCL/Div1b/NWE1 vs. GADS"]
[Site "Hinckley Island ENG"]
[Date "2009.03.21"]
[Round "7.6"]
[White "Wheeler, Darren P"]
[Black "Redmond, John"]
[Result "1-0"]
[WhiteElo "2231"]
[BlackElo "2207"]
[PlyCount "79"]
[EventDate "2009.03.21"]
[EventType "team"]
[EventRounds "11"]
[EventCountry "ENG"]
[SourceDate "2008.10.04"]

1. e4 e6 2. d4 d5 3. Nc3 Bb4 4. e5 c5 5. a3 Bxc3+ 6. bxc3 Qc7 7. Nf3 b6 8. a4
Ne7 9. Bb5+ Bd7 10. Bd3 Nbc6 11. O-O f6 12. Re1 c4 13. Bf1 Ng6 14. Ba3 O-O-O
15. Bd6 Qb7 16. g3 Rde8 17. Qe2 Na5 18. h4 Ne7 19. Bh3 Nec6 20. Qd2 f5 21. g4
g6 22. gxf5 gxf5 23. Kh2 Nd8 24. Rg1 Reg8 25. Be7 Rxg1 26. Rxg1 Bxa4 27. Rg7
Nac6 28. Bf6 Qa6 29. Ng5 Qb5 30. Bxd8 Nxd8 31. Rxa7 Kb8 32. Rxh7 Rxh7 33. Nxh7
Qb1 34. Ng5 Bxc2 35. h5 b5 36. h6 f4 37. Qxf4 Be4 38. Nxe4 dxe4 39. h7 e3 40.
h8=Q 1-0

[Event "4NCL/Div1b/NWE1 vs. GADS"]
[Site "Hinckley Island ENG"]
[Date "2009.03.21"]
[Round "7.7"]
[White "Grigoryan-Lyell, Meri"]
[Black "Anderton, David"]
[Result "1/2-1/2"]
[WhiteElo "2092"]
[BlackElo "2225"]
[PlyCount "81"]
[EventDate "2009.03.21"]
[EventType "team"]
[EventRounds "11"]
[EventCountry "ENG"]
[SourceDate "2008.10.04"]

1. d4 f5 2. c4 Nf6 3. Nf3 d6 4. Nc3 g6 5. Rb1 a5 6. a3 Bg7 7. g3 O-O 8. Bg2 c6
9. O-O Qe8 10. d5 Na6 11. Nd4 Bd7 12. b4 axb4 13. axb4 Nxb4 14. Rxb4 c5 15.
Rxb7 cxd4 16. Nb1 Ne4 17. Ba3 Qc8 18. Rb4 Nc5 19. Rb6 Na4 20. Rb4 f4 21. Bc1
fxg3 22. hxg3 Nc3 23. Nxc3 dxc3 24. Qd3 Bh3 25. e4 Bxg2 26. Kxg2 Ra1 27. Be3
Rxf1 28. Qxf1 Qa6 29. Qb1 Rc8 30. Qb3 Qa5 31. Ra4 Qd8 32. Bb6 Rb8 33. c5 Kf8
34. Bxd8 Rxb3 35. c6 c2 36. Rc4 Rc3 37. Rxc3 Bxc3 38. c7 c1=Q 39. c8=Q Bb2 40.
Qe6 Qg5 41. f4 1/2-1/2

[Event "4NCL/Div1b/NWE1 vs. GADS"]
[Site "Hinckley Island ENG"]
[Date "2009.03.21"]
[Round "7.8"]
[White "Bellin, Jana"]
[Black "Jaunooby, Ali"]
[Result "0-1"]
[WhiteElo "2184"]
[BlackElo "2162"]
[PlyCount "90"]
[EventDate "2009.03.21"]
[EventType "team"]
[EventRounds "11"]
[EventCountry "ENG"]
[SourceDate "2008.10.04"]

1. d4 g6 2. Nf3 Bg7 3. c4 c5 4. Nc3 cxd4 5. Nxd4 Nc6 6. e3 Nxd4 7. exd4 Nf6 8.
d5 d6 9. Be2 O-O 10. Be3 Re8 11. O-O b6 12. Rc1 Bb7 13. Qd2 Rc8 14. b3 Qd7 15.
h3 Rcd8 16. Bh6 Bh8 17. f4 e6 18. dxe6 fxe6 19. Rcd1 Qc8 20. Bf3 d5 21. cxd5
exd5 22. Bg5 d4 23. Nb1 Bxf3 24. Rxf3 Ne4 25. Qd3 Rd5 26. Bh4 Rh5 27. Bf2 Nxf2
28. Rxf2 Re3 29. Qf1 Ra5 30. Rc1 Qe6 31. Rfc2 Rc5 32. Rxc5 bxc5 33. Nd2 Re2 34.
Nf3 d3 35. Rd1 Qe3+ 36. Kh1 Bc3 37. Qg1 d2 38. Qxe3 Rxe3 39. Nxd2 Rd3 40. Rc1
Bxd2 41. Rxc5 Bxf4 42. Rc8+ Kg7 43. Kg1 Bg3 44. Kf1 Re3 45. Rc1 Kf6 0-1

[Event "4NCL/Div1c/PAP vs. WGHK1"]
[Site "Staverton Park ENG"]
[Date "2009.05.02"]
[Round "9.1"]
[White "Adams, Michael J"]
[Black "Gordon, Stephen J"]
[Result "1-0"]
[WhiteElo "2703"]
[BlackElo "2540"]
[PlyCount "107"]
[EventDate "2009.05.02"]
[EventType "team"]
[EventRounds "11"]
[EventCountry "ENG"]
[SourceDate "2008.10.04"]

1. e4 c5 2. Nf3 d6 3. d4 cxd4 4. Nxd4 Nf6 5. Nc3 a6 6. Be2 e5 7. Nb3 Be7 8. O-O
O-O 9. Be3 Be6 10. Qd2 Nbd7 11. a4 Rc8 12. a5 Nc5 13. Nxc5 dxc5 14. Qxd8 Rfxd8
15. f3 c4 16. Rfd1 Rxd1+ 17. Nxd1 Nd7 18. Kf1 Kf8 19. Bd2 Ke8 20. Ke1 Rc7 21.
g3 g6 22. Ne3 Bg5 23. h4 Bh6 24. Kf2 f5 25. exf5 gxf5 26. Bc3 Bf8 27. Kg2 f4
28. Ng4 Bd6 29. Rd1 Ke7 30. h5 Rc6 31. gxf4 exf4 32. Re1 Rc5 33. Bd4 Rc8 34. c3
Kf7 35. Bd1 Rg8 36. Kf2 Rg5 37. Nh6+ Ke7 38. Bc2 Ne5 39. Ng4 Nxg4+ 40. fxg4 Kd7
41. Ba4+ Ke7 42. Kf3 h6 43. b4 Rg8 44. Bc2 Kd7 45. Ba4+ Ke7 46. Bc2 Kd7 47. Bg6
Bd5+ 48. Kf2 Be6 49. Kf3 Bd5+ 50. Be4 Be6 51. Rg1 Kc7 52. Rg2 Kc8 53. Bf6 Bf7
54. Rd2 1-0

[Event "4NCL/Div1c/PAP vs. WGHK1"]
[Site "Staverton Park ENG"]
[Date "2009.05.02"]
[Round "9.2"]
[White "Baburin, Alexander"]
[Black "Emms, John M"]
[Result "1-0"]
[WhiteElo "2541"]
[BlackElo "2487"]
[PlyCount "125"]
[EventDate "2009.05.02"]
[EventType "team"]
[EventRounds "11"]
[EventCountry "ENG"]
[SourceDate "2008.10.04"]

1. d4 Nf6 2. c4 e6 3. Nc3 Bb4 4. e3 O-O 5. Bd3 c5 6. Nge2 d5 7. a3 Bxc3+ 8.
Nxc3 cxd4 9. exd4 dxc4 10. Bxc4 Nc6 11. Be3 b6 12. O-O Bb7 13. Qd3 Rc8 14. Rad1
Ne7 15. Bg5 Qd6 16. Bxf6 gxf6 17. Ba6 Bxa6 18. Qxa6 Qd7 19. Rd3 Kh8 20. Rfd1
Rg8 21. d5 Nxd5 22. Nxd5 exd5 23. Rxd5 Qh3 24. g3 Rc2 25. R5d2 Rxd2 26. Rxd2
Rc8 27. Rd1 Rc7 28. Qa4 Kg7 29. Qf4 Re7 30. Qb4 Rc7 31. Qd2 Rc5 32. Qd7 Qxd7
33. Rxd7 a5 34. Rd4 Rc2 35. b4 Rc3 36. bxa5 bxa5 37. a4 Rc5 38. Kg2 f5 39. Kf3
Kg6 40. Rd6+ f6 41. Ra6 Re5 42. Kg2 Rc5 43. f4 Rc2+ 44. Kh3 Rc5 45. Kh4 Rd5 46.
h3 h5 47. Ra8 Rc5 48. Rg8+ Kh6 49. Rb8 Rc4 50. Rb5 Rxa4 51. Rxf5 Kg6 52. Rxh5
Ra3 53. Rb5 a4 54. Ra5 Ra1 55. f5+ Kh6 56. Ra6 Kg7 57. Ra7+ Kf8 58. g4 Ra3 59.
Kh5 Rxh3+ 60. Kg6 a3 61. Kxf6 Rh6+ 62. Kg5 Rh3 63. Kg6 1-0